000 00439nam a2200181Ia 4500
005 20231124121435.0
008 131103s9999 xx 000 0 und d
040 _aLoreto College
041 _aEnglish
082 _aF
_bWIL
100 _aWilliams,Eric
245 4 _aThe Tunnel
_cEric Williams
260 _aLondon
_bFontana Books/Collins
_c1951
300 _a251 p.
650 _aFiction in English
850 _aLCLIB
942 _cBK
999 _c14492
_d64971